My Singing Monsters - Natural - Statistics

General Stats
  • This quiz has been taken 70 times
  • The average score is 58 of 75
Answer Stats
Hint Answer % Correct
Plant Potbelly
96%
Plant Potbelly
96%
Plant Potbelly
96%
Plant Potbelly
96%
Plant, Water, Cold Bowgart
92%
Plant, Water, Cold Bowgart
92%
Water Toe Jammer
92%
Water Toe Jammer
92%
Water Toe Jammer
92%
Water Toe Jammer
92%
Plant, Cold Furcorn
88%
Plant, Cold Furcorn
88%
Plant, Cold Furcorn
88%
Cold Mammott
88%
Cold Mammott
88%
Cold Mammott
88%
Cold Mammott
88%
Water, Cold Maw
88%
Water, Cold Maw
88%
Water, Cold Maw
88%
Earth Noggin
88%
Earth Noggin
88%
Earth Noggin
88%
Earth Noggin
88%
Plant, Earth Shrubb
88%
Plant, Earth Shrubb
88%
Plant, Earth Shrubb
88%
Air Tweedle
88%
Air Tweedle
88%
Air Tweedle
88%
Air Tweedle
88%
Earth, Cold Drumpler
85%
Earth, Cold Drumpler
85%
Earth, Cold Drumpler
85%
Plant, Earth, Water, Cold Entbrat
85%
Earth, Water Fwog
85%
Earth, Water Fwog
85%
Earth, Water Fwog
85%
Plant, Earth, Cold Clamble
81%
Plant, Earth, Cold Clamble
81%
Earth, Water, Cold T-Rox
81%
Earth, Water, Cold T-Rox
81%
Air, Plant Dandidoo
77%
Air, Plant Dandidoo
77%
Air, Plant Dandidoo
77%
Plant, Water Oaktopus
77%
Plant, Water Oaktopus
77%
Plant, Water Oaktopus
77%
Plant, Earth, Water Pummel
77%
Plant, Earth, Water Pummel
77%
Air, Cold Pango
73%
Air, Cold Pango
73%
Air, Cold Pango
73%
Air, Water Quibble
73%
Air, Water Quibble
73%
Air, Water Quibble
73%
Air, Earth, Water, Cold Riff
69%
Air, Plant, Earth, Water Shellbeat
65%
Air, Plant, Water, Cold Deedge
62%
Air, Earth, Cold PomPom
62%
Air, Earth, Cold PomPom
62%
Air, Plant, Cold Thumpies
62%
Air, Plant, Cold Thumpies
62%
Air, Water, Cold Congle
58%
Air, Water, Cold Congle
58%
Air, Plant, Water Spunge
54%
Air, Plant, Water Spunge
54%
Air, Plant, Earth, Cold Quarrister
50%
Air, Earth Cybop
46%
Air, Earth Cybop
46%
Air, Earth Cybop
46%
Air, Earth, Water Scups
46%
Air, Earth, Water Scups
46%
Air, Plant, Earth Reedling
27%
Air, Plant, Earth Reedling
27%
No matching quizzes found
Score Distribution
Percent of People with Each Score
Percentile by Number Answered
Your Score History
You have not taken this quiz